[Event "Oslo Vederhus Memorial op"]
[Site "Oslo"]
[Date "2013.09.30"]
[Round "2"]
[White "Stanford, Maxim Barth"]
[Black "Bentsen, Oyvind"]
[Result "1-0"]
[WhiteElo "2369"]
[BlackElo "2121"]
[PlyCount "81"]
[EventDate "2013.09.29"]
[EventType "swiss"]
[EventRounds "9"]
[EventCountry "NOR"]
[SourceTitle "CBM 156 Extra"]
[Source "ChessBase"]
[SourceDate "2013.10.22"]
[SourceVersion "1"]
[SourceVersionDate "2013.10.22"]
[SourceQuality "1"]

1. e4 e5 2. Nf3 Nc6 3. Bb5 Nf6 4. 0-0 Nxe4 5. d4 Nd6 6. Bg5 Be7 7. Bxe7 Qxe7 8. Bxc6 dxc6 9. dxe5 Nf5 10. Nc3 0-0 11. Qd2 Nh4 12. Nxh4 Qxh4 13. f4 Bf5 14. Qf2 Qxf2+ 15. Rxf2 Rad8 16. Rd1 Rxd1+ 17. Nxd1 Rd8 18. Ne3 Bc8 19. Kf1 Kf8 20. Ke1 Ke7 21. Rd2 Rf8 22. Ke2 f6 23. exf6+ Rxf6 24. g3 b6 25. Kf3 h5 26. Rd4 Rd6 27. Re4+ Kf8 28. f5 Rd2 29. h3 g5 30. fxg6 Bxh3 31. Kf4 Bg4 32. Kg5 a5 33. Kh6 Rd7 34. Nxg4 hxg4 35. Rxg4 c5 36. Rf4+ Kg8 37. Re4 Kf8 38. a4 c6 39. c4 b5 40. cxb5 cxb5 41. axb5 1-0

[Event "Oslo Vederhus Memorial op"]
[Site "Oslo"]
[Date "2013.09.29"]
[Round "5"]
[White "Bentsen, Oyvind"]
[Black "Hauge, Lars Oskar"]
[Result "0-1"]
[WhiteElo "2121"]
[BlackElo "2282"]
[PlyCount "102"]
[EventDate "2013.09.29"]
[EventType "swiss"]
[EventRounds "9"]
[EventCountry "NOR"]
[SourceTitle "CBM 156 Extra"]
[Source "ChessBase"]
[SourceDate "2013.10.22"]
[SourceVersion "1"]
[SourceVersionDate "2013.10.22"]
[SourceQuality "1"]

1. e4 c5 2. Nf3 e6 3. d4 cxd4 4. Nxd4 a6 5. Nc3 Qc7 6. Be2 Nf6 7. f3 Be7 8. Be3 b5 9. a3 0-0 10. 0-0 Bb7 11. Qd2 d6 12. Bd3 Nbd7 13. Qf2 d5 14. exd5 Nxd5 15. Nxd5 Bxd5 16. Ne2 Bb7 17. Qg3 Qxg3 18. Nxg3 f5 19. Bf2 Rac8 20. c3 Ne5 21. Be2 Nc4 22. a4 b4 23. cxb4 Bxb4 24. b3 Na5 25. Rab1 Rfd8 26. Be1 Rd4 27. Bf2 Rd6 28. Be1 Nc6 29. Bc4 g6 30. Bxb4 Nxb4 31. Rbc1 Kf7 32. Ne2 Kf6 33. Nc3 Rcd8 34. Rfd1 g5 35. Rxd6 Rxd6 36. Rd1 Rxd1+ 37. Nxd1 Ke5 38. Kf2 h5 39. Ke3 h4 40. Nc3 Nc2+ 41. Kf2 Nd4 42. h3 Nc6 43. Nb1 Bc8 44. Ke3 Nd4 45. Nc3 Nc2+ 46. Kd2 Nd4 47. Ke3 Bb7 48. Na2 a5 49. Nc1 f4+ 50. Kf2 Nc2 51. Nd3+ Kd4 0-1

[Event "Oslo Vederhus Memorial op"]
[Site "Oslo"]
[Date "2013.09.29"]
[Round "9"]
[White "Bentsen, Oyvind"]
[Black "Lillevold, Frode"]
[Result "0-1"]
[WhiteElo "2121"]
[BlackElo "2161"]
[PlyCount "38"]
[EventDate "2013.09.29"]
[EventType "swiss"]
[EventRounds "9"]
[EventCountry "NOR"]
[SourceTitle "CBM 156 Extra"]
[Source "ChessBase"]
[SourceDate "2013.10.22"]
[SourceVersion "1"]
[SourceVersionDate "2013.10.22"]
[SourceQuality "1"]

1. e4 e5 2. Nf3 Nc6 3. Bc4 Nf6 4. Ng5 d5 5. exd5 Na5 6. Bb5+ c6 7. dxc6 bxc6 8. Qf3 Bb7 9. Ba4 Be7 10. 0-0 0-0 11. d3 c5 12. Qe2 Qc7 13. Nc3 Nc6 14. Nf3 Nd4 15. Nxd4 exd4 16. Re1 Bd6 17. Nb5 Bxh2+ 18. Kh1 Qc6 19. f4 Rae8 0-1

[Event "Oslo Vederhus Memorial op"]
[Site "Oslo"]
[Date "2013.09.29"]
[Round "4"]
[White "Lundin, Jan"]
[Black "Bentsen, Oyvind"]
[Result "1/2-1/2"]
[WhiteElo "2285"]
[BlackElo "2121"]
[PlyCount "83"]
[EventDate "2013.09.29"]
[EventType "swiss"]
[EventRounds "9"]
[EventCountry "NOR"]
[SourceTitle "CBM 156 Extra"]
[Source "ChessBase"]
[SourceDate "2013.10.22"]
[SourceVersion "1"]
[SourceVersionDate "2013.10.22"]
[SourceQuality "1"]

1. Nf3 g6 2. c4 Nf6 3. Nc3 Bg7 4. e4 d6 5. d4 0-0 6. Be2 e5 7. 0-0 Nc6 8. d5 Ne7 9. Bg5 Ne8 10. b4 f6 11. Bd2 f5 12. Ne1 Nf6 13. f3 f4 14. Nd3 g5 15. c5 Kh8 16. Rc1 Neg8 17. g4 h5 18. h3 Nh6 19. Nf2 Rf7 20. Qa4 hxg4 21. hxg4 Bf8 22. Kg2 dxc5 23. bxc5 Bxc5 24. Rh1 Rh7 25. Nd3 Bd6 26. Nb5 Bd7 27. Qc4 Qf8 28. Bb4 Nfxg4 29. fxg4 Bxg4 30. Nxe5 f3+ 31. Bxf3 Bxf3+ 32. Nxf3 Bxb4 33. Qd4+ Kg8 34. Rxc7 Rxc7 35. Nxc7 Rc8 36. Rc1 Qe7 37. e5 Rxc7 38. Rxc7 Qxc7 39. Qxb4 g4 40. Nh2 Qxe5 41. Qc4 Qb2+ 42. Kg1 1/2-1/2

[Event "Gausdal op-A"]
[Site "Gausdal"]
[Date "2008.04.11"]
[Round "4"]
[White "Ofstad, Per"]
[Black "Bentsen, Oyvind"]
[Result "0-1"]
[WhiteElo "2155"]
[BlackElo "2115"]
[PlyCount "40"]
[EventDate "2008.04.08"]
[EventType "swiss"]
[EventRounds "9"]
[EventCountry "NOR"]
[SourceTitle "CBM 123 Extra"]
[Source "ChessBase"]
[SourceDate "2008.05.06"]
[SourceVersion "1"]
[SourceVersionDate "2008.05.06"]
[SourceQuality "1"]

1. e4 e5 2. Nf3 Nc6 3. Bb5 Nf6 4. 0-0 Nxe4 5. d4 Nd6 6. Bxc6 dxc6 7. Nxe5 Be7 8. Re1 0-0 9. Bf4 Nf5 10. c3 Be6 11. h3 c5 12. g4 Nh4 13. dxc5 f6 14. Nc6 bxc6 15. Qxd8 Nf3+ 16. Kh1 Raxd8 17. Rxe6 Rd1+ 18. Kg2 Ne1+ 19. Kf1 Nd3+ 20. Ke2 Nxf4+ 0-1

[Event "Gausdal op-A"]
[Site "Gausdal"]
[Date "2008.04.10"]
[Round "3"]
[White "Bentsen, Oyvind"]
[Black "Forsaa, Espen"]
[Result "0-1"]
[WhiteElo "2115"]
[BlackElo "2312"]
[PlyCount "58"]
[EventDate "2008.04.08"]
[EventType "swiss"]
[EventRounds "9"]
[EventCountry "NOR"]
[SourceTitle "CBM 123 Extra"]
[Source "ChessBase"]
[SourceDate "2008.05.06"]
[SourceVersion "1"]
[SourceVersionDate "2008.05.06"]
[SourceQuality "1"]

1. e4 c5 2. Nf3 d6 3. d4 cxd4 4. Nxd4 Nf6 5. Nc3 a6 6. Bg5 e6 7. f4 b5 8. Bd3 Nbd7 9. Nb3 Bb7 10. Qe2 Be7 11. 0-0-0 Qc7 12. Rd2 h6 13. Bh4 g5 14. fxg5 Nh7 15. Bxb5 axb5 16. Nxb5 Qc6 17. g6 Ng5 18. gxf7+ Kxf7 19. Qh5+ Kg7 20. N3d4 Rxa2 21. Kb1 Rha8 22. Na3 R2xa3 23. bxa3 Qb6+ 24. Nb3 Bxe4 25. Kc1 Rxa3 26. Rf1 Rxb3 27. cxb3 Qxb3 28. Rb2 Qc4+ 29. Kd2 Qxf1 0-1

[Event "Gausdal op-A"]
[Site "Gausdal"]
[Date "2008.04.09"]
[Round "2"]
[White "Zawadzka, Beata"]
[Black "Bentsen, Oyvind"]
[Result "1-0"]
[WhiteElo "2326"]
[BlackElo "2115"]
[PlyCount "99"]
[EventDate "2008.04.08"]
[EventType "swiss"]
[EventRounds "9"]
[EventCountry "NOR"]
[SourceTitle "CBM 123 Extra"]
[Source "ChessBase"]
[SourceDate "2008.05.06"]
[SourceVersion "1"]
[SourceVersionDate "2008.05.06"]
[SourceQuality "1"]

1. d4 Nf6 2. c4 g6 3. Nc3 Bg7 4. e4 d6 5. Nf3 0-0 6. h3 e5 7. d5 a5 8. Bg5 Nbd7 9. Be2 Nc5 10. Nd2 c6 11. 0-0 Qc7 12. b3 Bd7 13. a3 h6 14. Be3 Na6 15. Rb1 c5 16. f4 Nh7 17. f5 g5 18. g4 b6 19. Nf3 f6 20. Ne1 Rf7 21. Rf2 Be8 22. Bf1 Qd8 23. Rfb2 Rfa7 24. Qd2 Bf8 25. Qf2 Qc8 26. Nd3 Be7 27. Na2 Nf8 28. h4 Nd7 29. Qg3 Bf8 30. Rh2 Bg7 31. Nc3 Nf8 32. Ne1 Nh7 33. Nf3 Qd8 34. Kf2 Bf8 35. Bd3 Rf7 36. Rbh1 Raa7 37. Rh3 Rab7 38. Qh2 Ra7 39. hxg5 fxg5 40. Rxh6 Bxh6 41. Qxh6 Rg7 42. Ne2 Raf7 43. Neg1 Nc7 44. a4 Rf6 45. Qh2 Rf8 46. Nh3 Nf6 47. Kg3 Nxg4 48. Kxg4 Bh5+ 49. Kg3 g4 50. Nhg5 1-0

[Event "Gausdal op-A"]
[Site "Gausdal"]
[Date "2008.04.08"]
[Round "1"]
[White "Bentsen, Oyvind"]
[Black "Peek, Marcel"]
[Result "1/2-1/2"]
[WhiteElo "2115"]
[BlackElo "2389"]
[PlyCount "79"]
[EventDate "2008.04.08"]
[EventType "swiss"]
[EventRounds "9"]
[EventCountry "NOR"]
[SourceTitle "CBM 123 Extra"]
[Source "ChessBase"]
[SourceDate "2008.05.06"]
[SourceVersion "1"]
[SourceVersionDate "2008.05.06"]
[SourceQuality "1"]

1. e4 c5 2. Nf3 d6 3. d4 cxd4 4. Nxd4 Nf6 5. Nc3 Nc6 6. Be2 e5 7. Ndb5 a6 8. Na3 b5 9. Nd5 Be7 10. Be3 Rb8 11. f3 0-0 12. c4 b4 13. Nb1 Nxd5 14. cxd5 Nd4 15. Bc4 Qb6 16. 0-0 Qa7 17. Nd2 Bd8 18. Nb3 Bb6 19. Nxd4 exd4 20. Bf2 f5 21. Qd3 a5 22. Rad1 fxe4 23. fxe4 Bg4 24. Rd2 Qe7 25. Re1 Qg5 26. Bxd4 Bxd4+ 27. Qxd4 Rbe8 28. Rd3 Bf3 29. g3 h5 30. e5 Rxe5 31. Rxe5 dxe5 32. d6+ Kh8 33. Qe3 Qg4 34. Qxe5 Qxc4 35. Rxf3 Qc1+ 36. Kg2 Qc2+ 37. Kh3 Qc8+ 38. Kg2 Qc2+ 39. Kh3 Qc8+ 40. Kg2 1/2-1/2

[Event "NOR-chT 0607"]
[Site "Oslo"]
[Date "2007.01.14"]
[Round "6"]
[White "Gundersen, Helge Folmer"]
[Black "Bentsen, Oyvind"]
[Result "1-0"]
[WhiteElo "2226"]
[BlackElo "2180"]
[PlyCount "73"]
[EventDate "2006.11.10"]
[EventType "team"]
[EventRounds "9"]
[EventCountry "NOR"]
[SourceTitle "EXT 2008"]
[Source "ChessBase"]
[SourceDate "2007.11.25"]
[SourceVersion "1"]
[SourceVersionDate "2007.11.25"]
[SourceQuality "1"]

1. b3 d5 2. Bb2 c5 3. e3 Nc6 4. Bb5 a6 5. Bxc6+ bxc6 6. f4 Nf6 7. Nf3 Qc7 8. 0-0 Bf5 9. Ne5 h5 10. d3 e6 11. Qe1 Bd6 12. Nd2 Bh7 13. Qg3 Rg8 14. Ndf3 Ra7 15. a4 a5 16. Ng5 Qb6 17. Rab1 Bf5 18. h3 Nh7 19. e4 dxe4 20. Nc4 Qb8 21. Nxe4 Be7 22. Be5 Qd8 23. Qf3 Ra6 24. Ned6+ Bxd6 25. Nxd6+ Kf8 26. Nxf5 exf5 27. Qxh5 Nf6 28. Qxf5 Nd5 29. Bd6+ Qxd6 30. Qc8+ Ke7 31. Qxg8 Kf6 32. Rbe1 Ne7 33. Qh7 Nf5 34. g4 Qd4+ 35. Kh2 Ne3 36. g5+ Ke7 37. Rf3 1-0

[Event "NOR-chT 0607"]
[Site "Oslo"]
[Date "2006.11.12"]
[Round "3"]
[White "Bentsen, Oyvind"]
[Black "Moen, Andreas"]
[Result "1/2-1/2"]
[WhiteElo "2184"]
[BlackElo "2299"]
[PlyCount "70"]
[EventDate "2006.11.10"]
[EventType "team"]
[EventRounds "9"]
[EventCountry "NOR"]
[SourceTitle "CBM 115 Extra"]
[Source "ChessBase"]
[SourceDate "2007.01.10"]
[SourceVersion "1"]
[SourceVersionDate "2007.01.10"]
[SourceQuality "1"]

1. e4 e5 2. Nf3 Nf6 3. Nxe5 d6 4. Nf3 Nxe4 5. d4 d5 6. Bd3 Bd6 7. c4 Bb4+ 8. Nbd2 Nxd2 9. Bxd2 Qe7+ 10. Qe2 Bxd2+ 11. Kxd2 dxc4 12. Qxe7+ Kxe7 13. Rhe1+ Kf6 14. Bxc4 Nc6 15. Kc3 Bd7 16. d5 Na5 17. Bd3 c5 18. Ne5 Rhd8 19. f4 Bf5 20. Bxf5 Kxf5 21. Rad1 f6 22. Nc4 Nxc4 23. Kxc4 Rd7 24. d6 Rad8 25. Rd5+ Kxf4 26. Kxc5 f5 27. Rf1+ Ke4 28. Rfxf5 Rc8+ 29. Kb4 Re8 30. Kc4 Rc8+ 31. Rc5 Rxc5+ 32. Rxc5 Rxd6 33. Rc7 Rd2 34. Re7+ Kf5 35. Rxg7 Rxb2 1/2-1/2

[Event "NOR-chT 0607"]
[Site "Oslo"]
[Date "2006.11.10"]
[Round "1"]
[White "Bentsen, Oyvind"]
[Black "Olsen, Anders"]
[Result "1-0"]
[WhiteElo "2184"]
[BlackElo "2046"]
[PlyCount "71"]
[EventDate "2006.11.10"]
[EventType "team"]
[EventRounds "9"]
[EventCountry "NOR"]
[SourceTitle "CBM 115 Extra"]
[Source "ChessBase"]
[SourceDate "2007.01.10"]
[SourceVersion "1"]
[SourceVersionDate "2007.01.10"]
[SourceQuality "1"]

1. e4 d5 2. exd5 Qxd5 3. Nc3 Qa5 4. Bc4 Nf6 5. d3 Bg4 6. Nge2 e6 7. Bd2 c6 8. h3 Bh5 9. Nd5 Qd8 10. Ndf4 Bg6 11. Ng3 Bd6 12. Qe2 Qc7 13. Nxg6 hxg6 14. Ne4 Nxe4 15. Qxe4 Nd7 16. d4 Nf6 17. Qf3 Qb6 18. Qb3 Qxd4 19. Be3 Qe4 20. 0-0-0 Bf4 21. Rhe1 0-0 22. g3 Bxe3+ 23. Rxe3 Qg2 24. Rf3 Rad8 25. Re1 Qxh3 26. Qxb7 Qh6+ 27. Kb1 Qd2 28. Rc1 Rb8 29. Qxa7 Ne4 30. Bb3 Qg5 31. Rf4 Nd2+ 32. Ka1 Nxb3+ 33. cxb3 e5 34. Rfc4 Rbd8 35. Rh1 Rd2 36. a3 1-0

[Event "Gausdal Byggern Masters"]
[Site "Gausdal"]
[Date "2006.10.02"]
[Round "9"]
[White "Bentsen, Oyvind"]
[Black "Quinn, John M"]
[Result "1/2-1/2"]
[WhiteElo "2216"]
[BlackElo "2150"]
[PlyCount "50"]
[EventDate "2006.09.24"]
[EventType "swiss"]
[EventRounds "9"]
[EventCountry "NOR"]
[SourceTitle "CBM 114 Extra"]
[Source "ChessBase"]
[SourceDate "2006.11.03"]
[SourceVersion "1"]
[SourceVersionDate "2006.11.03"]
[SourceQuality "1"]

1. e4 c5 2. Nf3 e6 3. d4 cxd4 4. Nxd4 Nc6 5. Nc3 Qc7 6. Be3 a6 7. Be2 Nf6 8. 0-0 Bb4 9. Qd3 Ne5 10. Ncb5 Qa5 11. Qb3 axb5 12. Nxb5 0-0 13. Bd4 Ng6 14. a3 Nf4 15. Bc4 d5 16. Qxb4 Qxb4 17. axb4 Rxa1 18. Rxa1 dxc4 19. Bc5 Rd8 20. g3 Bd7 21. Nd6 Nh3+ 22. Kg2 e5 23. Nxb7 Rb8 24. Nd6 Ng5 25. f3 h5 1/2-1/2

[Event "Gausdal Byggern Masters"]
[Site "Gausdal"]
[Date "2006.09.28"]
[Round "5"]
[White "Bentsen, Oyvind"]
[Black "Rost, Bjorn"]
[Result "1-0"]
[WhiteElo "2216"]
[BlackElo "1983"]
[PlyCount "43"]
[EventDate "2006.09.24"]
[EventType "swiss"]
[EventRounds "9"]
[EventCountry "NOR"]
[SourceTitle "CBM 114 Extra"]
[Source "ChessBase"]
[SourceDate "2006.11.03"]
[SourceVersion "1"]
[SourceVersionDate "2006.11.03"]
[SourceQuality "1"]

1. e4 d6 2. d4 g6 3. f4 Bg7 4. Nf3 e6 5. Nc3 b6 6. Be3 Bb7 7. Qd2 Ne7 8. 0-0-0 Nd7 9. Be2 a6 10. Rhf1 b5 11. Bd3 Nb6 12. b3 b4 13. Ne2 a5 14. f5 exf5 15. exf5 Ned5 16. fxg6 hxg6 17. Bg5 Qd7 18. Rde1 0-0 19. Bh6 a4 20. Bxg7 Kxg7 21. Nh4 Ne7 22. Ng3 1-0

[Event "Gausdal Classics GM-B"]
[Site "Gausdal"]
[Date "2006.04.29"]
[Round "7"]
[White "Kvisla, Johannes Luangtep"]
[Black "Bentsen, Oyvind"]
[Result "1/2-1/2"]
[WhiteElo "2026"]
[BlackElo "2211"]
[PlyCount "83"]
[EventDate "2006.04.23"]
[EventType "swiss"]
[EventRounds "9"]
[EventCountry "NOR"]
[SourceTitle "CBM 111 Extra"]
[Source "ChessBase"]
[SourceDate "2006.05.09"]
[SourceVersion "1"]
[SourceVersionDate "2006.05.09"]
[SourceQuality "1"]

1. e4 e5 2. Nf3 Nc6 3. Bb5 Nf6 4. 0-0 Nxe4 5. d4 Nd6 6. Bxc6 dxc6 7. dxe5 Nf5 8. Qxd8+ Kxd8 9. Nc3 Be6 10. Ng5 h6 11. Nxe6+ fxe6 12. Rd1+ Ke8 13. g4 Nh4 14. Bf4 Ng6 15. Bg3 h5 16. h3 hxg4 17. hxg4 Rd8 18. Rxd8+ Kxd8 19. Rd1+ Ke8 20. Ne4 Be7 21. Kg2 Nf8 22. f4 g6 23. Nf6+ Kf7 24. g5 Bxf6 25. exf6 Ke8 26. Bf2 Nd7 27. Kg3 a6 28. b4 Rh7 29. a4 Nf8 30. Bc5 Rd7 31. Rh1 Rh7 32. Rxh7 Nxh7 33. Be7 e5 34. Kg4 exf4 35. Kxf4 Kd7 36. a5 Ke6 37. c4 Kd7 38. Kg4 Ke6 39. Bc5 Kf7 40. Be7 Ke6 41. Kf4 Kd7 42. Bc5 1/2-1/2

[Event "Gausdal Classics GM-B"]
[Site "Gausdal"]
[Date "2006.04.27"]
[Round "5"]
[White "Muratet Casadevall, Albert"]
[Black "Bentsen, Oyvind"]
[Result "0-1"]
[WhiteElo "2216"]
[BlackElo "2211"]
[PlyCount "66"]
[EventDate "2006.04.23"]
[EventType "swiss"]
[EventRounds "9"]
[EventCountry "NOR"]
[SourceTitle "CBM 111 Extra"]
[Source "ChessBase"]
[SourceDate "2006.05.09"]
[SourceVersion "1"]
[SourceVersionDate "2006.05.09"]
[SourceQuality "1"]

1. e4 e5 2. Nf3 Nc6 3. d4 exd4 4. Nxd4 Bc5 5. Be3 Qf6 6. c3 Nge7 7. g3 d5 8. Bg2 dxe4 9. 0-0 Nxd4 10. Bxd4 Bxd4 11. cxd4 0-0 12. Nc3 Rd8 13. Qc1 c6 14. Qe3 Nf5 15. Nxe4 Qxd4 16. Qb3 Be6 17. Qxb7 Rab8 18. Qc7 Rxb2 19. Rac1 Rc8 20. Qf4 Rxa2 21. Rfd1 Qa4 22. g4 Ne7 23. Qc7 Ng6 24. Qg3 Qb4 25. h4 Ra3 26. Bf3 Qe7 27. g5 Nxh4 28. Nf6+ Kh8 29. Qxh4 gxf6 30. gxf6 Rg8+ 31. Kf1 Qb7 32. Rb1 Qc8 33. Ke2 Qa6+ 0-1

[Event "Gausdal Classics GM-B"]
[Site "Gausdal"]
[Date "2006.04.24"]
[Round "2"]
[White "Agdestein, Emil Dovig"]
[Black "Bentsen, Oyvind"]
[Result "1/2-1/2"]
[WhiteElo "2102"]
[BlackElo "2211"]
[PlyCount "23"]
[EventDate "2006.04.23"]
[EventType "swiss"]
[EventRounds "9"]
[EventCountry "NOR"]
[SourceTitle "CBM 111 Extra"]
[Source "ChessBase"]
[SourceDate "2006.05.09"]
[SourceVersion "1"]
[SourceVersionDate "2006.05.09"]
[SourceQuality "1"]

1. Nc3 Nf6 2. e4 e5 3. Nf3 Nc6 4. d4 exd4 5. Nxd4 Nxd4 6. Qxd4 d6 7. Be2 Be7 8. 0-0 b6 9. Bb5+ Bd7 10. Bxd7+ Qxd7 11. h3 0-0 12. Be3 1/2-1/2

[Event "NOR-ch op"]
[Site "Oslo"]
[Date "2006.04.15"]
[Round "8"]
[White "Bentsen, Oyvind"]
[Black "Tofte, Sondre Waage"]
[Result "1-0"]
[WhiteElo "2211"]
[BlackElo "1963"]
[PlyCount "139"]
[EventDate "2006.04.08"]
[EventType "swiss"]
[EventRounds "9"]
[EventCountry "NOR"]
[SourceTitle "CBM 111 Extra"]
[Source "ChessBase"]
[SourceDate "2006.05.09"]
[SourceVersion "1"]
[SourceVersionDate "2006.05.09"]
[SourceQuality "1"]

1. e4 e6 2. d4 d5 3. exd5 exd5 4. Bd3 Bd6 5. Qf3 Be6 6. Bf4 Nc6 7. c3 Nf6 8. h3 Bxf4 9. Qxf4 Nh5 10. Qd2 Qd6 11. Ne2 h6 12. Na3 a6 13. 0-0-0 0-0-0 14. b4 f5 15. Nc2 Nf6 16. Na1 Ne4 17. Qe1 a5 18. a3 b6 19. Kb2 Kb7 20. f3 Nf6 21. Qd2 g5 22. Nb3 a4 23. Nbc1 Na7 24. Qc2 Qd7 25. Rhe1 b5 26. Ng1 Rhe8 27. Re5 f4 28. Rde1 Bf7 29. Bf5 Qc6 30. Nd3 Nc8 31. Rxe8 Bxe8 32. Nc5+ Kb8 33. Bxc8 Kxc8 34. Qf5+ Bd7 35. Qg6 Re8 36. Rxe8+ Nxe8 37. Qg8 Qf6 38. Qxd5 Bc6 39. Qe5 Qxe5 40. dxe5 Bd5 41. h4 Ng7 42. hxg5 hxg5 43. Nh3 Nf5 44. Nxg5 Ne3 45. e6 Kd8 46. Nd3 Nxg2 47. Nh3 Bxf3 48. Nhxf4 Ke7 49. Nxg2 Bxg2 50. Nf4 Bf1 51. Nd5+ Kxe6 52. Nxc7+ Ke5 53. Kc2 Ke4 54. Ne8 Ke3 55. Nd6 Bd3+ 56. Kc1 Bf1 57. c4 Kd4 58. c5 Kd5 59. Kd2 Kc6 60. Nf5 Bc4 61. Kc3 Bf1 62. Kd4 Bh3 63. Ke5 Bg2 64. Nd4+ Kb7 65. Nxb5 Bc6 66. Nd4 Be8 67. Kd6 Kc8 68. c6 Kd8 69. Nf5 Bd7 70. c7+ 1-0

[Event "NOR-ch op"]
[Site "Oslo"]
[Date "2006.04.10"]
[Round "3"]
[White "Krivonosov, Oleg"]
[Black "Bentsen, Oyvind"]
[Result "1-0"]
[WhiteElo "2432"]
[BlackElo "2211"]
[PlyCount "57"]
[EventDate "2006.04.08"]
[EventType "swiss"]
[EventRounds "9"]
[EventCountry "NOR"]
[SourceTitle "CBM 111 Extra"]
[Source "ChessBase"]
[SourceDate "2006.05.09"]
[SourceVersion "1"]
[SourceVersionDate "2006.05.09"]
[SourceQuality "1"]

1. Nf3 Nf6 2. c4 g6 3. Nc3 Bg7 4. g3 d6 5. d4 0-0 6. Bg2 Nbd7 7. 0-0 e5 8. e4 exd4 9. Nxd4 a6 10. h3 Rb8 11. a4 a5 12. Ndb5 Ne5 13. b3 Bd7 14. Be3 Nc6 15. Rc1 b6 16. Qd2 Nb4 17. Bg5 Qc8 18. Kh2 Re8 19. Rcd1 h5 20. Rfe1 Nh7 21. Bf4 g5 22. Bxg5 Nxg5 23. Qxg5 Re5 24. Qd2 h4 25. g4 Bxg4 26. hxg4 Qxg4 27. Bh3 Qh5 28. f4 Re7 29. Rg1 1-0

[Event "Ibenfeldt Memorial"]
[Site "Gausdal"]
[Date "2006.01.21"]
[Round "7"]
[White "Bentsen, Oyvind"]
[Black "Moskow, Eric"]
[Result "1/2-1/2"]
[WhiteElo "2187"]
[BlackElo "2248"]
[PlyCount "127"]
[EventDate "2006.01.16"]
[EventType "tourn"]
[EventRounds "9"]
[EventCountry "NOR"]
[EventCategory "2"]
[SourceTitle "CBM 110 Extra"]
[Source "ChessBase"]
[SourceDate "2006.03.10"]
[SourceVersion "2"]
[SourceVersionDate "2006.03.10"]
[SourceQuality "1"]

1. e4 c5 2. Nf3 d6 3. d4 cxd4 4. Nxd4 Nf6 5. Nc3 g6 6. Be3 Bg7 7. Bc4 Nc6 8. h3 0-0 9. Bb3 a6 10. 0-0 Bd7 11. Re1 b5 12. a3 Na5 13. Qd2 Re8 14. Bh6 Bh8 15. Rad1 Rc8 16. e5 dxe5 17. Nf3 Nxb3 18. cxb3 Be6 19. Qxd8 Rexd8 20. Rxd8+ Rxd8 21. Nxe5 Rc8 22. b4 Nd5 23. Nxd5 Bxd5 24. Nd3 e6 25. Rc1 Rc4 26. Bd2 Bd4 27. Bc3 Be4 28. Bxd4 Bxd3 29. Bc3 Be4 30. Rd1 Bd5 31. Bf6 Kf8 32. g3 Ke8 33. Kf1 Kd7 34. Ke1 Kd6 35. f4 Rc2 36. Rd2 Rc1+ 37. Rd1 Rxd1+ 38. Kxd1 Bg2 39. h4 Kd5 40. Ke2 Ke4 41. Kf2 Bh3 42. Bc3 Bg4 43. Bf6 Bd1 44. Bc3 Bb3 45. Bf6 Bc4 46. Bc3 Bd5 47. Bf6 Kf5 48. Bc3 f6 49. Ke3 e5 50. fxe5 fxe5 51. Be1 Kg4 52. Kf2 h5 53. Bd2 Bc4 54. Bg5 Ba2 55. Bh6 Bb1 56. Bg5 Kf5 57. Ke3 Ke6 58. Bh6 Kd5 59. Bg7 Bf5 60. Bh8 e4 61. Bg7 Kc4 62. Bf6 Kb3 63. Be5 Kc2 64. Bf6 1/2-1/2

[Event "Gausdal Byggern Masters"]
[Site "Gausdal"]
[Date "2005.10.09"]
[Round "9"]
[White "Aarland, Stein Arild"]
[Black "Bentsen, Oyvind"]
[Result "1/2-1/2"]
[WhiteElo "2278"]
[BlackElo "2146"]
[PlyCount "210"]
[EventDate "2005.10.01"]
[EventType "swiss"]
[EventRounds "9"]
[EventCountry "NOR"]
[SourceTitle "CBM 108 Extra"]
[Source "ChessBase"]
[SourceDate "2005.11.04"]
[SourceVersion "1"]
[SourceVersionDate "2005.11.04"]
[SourceQuality "1"]

1. c4 g6 2. g3 Bg7 3. Bg2 Nf6 4. Nc3 d6 5. e4 0-0 6. Nge2 e5 7. 0-0 Be6 8. d3 c6 9. f4 Ng4 10. f5 Qb6+ 11. c5 Qxc5+ 12. d4 exd4 13. Na4 Qa5 14. fxe6 b5 15. exf7+ Rxf7 16. Rxf7 Kxf7 17. Qb3+ d5 18. Bg5 d3 19. Qxd3 Ne5 20. Qa3 h6 21. Qe7+ Kg8 22. Bf6 Bxf6 23. Qxf6 Nbd7 24. Qe6+ Kh7 25. Nc5 Nxc5 26. Qxe5 Nd3 27. Qc3 Qb6+ 28. Qd4 Nxb2 29. Qxb6 axb6 30. exd5 c5 31. Rb1 Nc4 32. Rxb5 Rxa2 33. Kf2 Kg7 34. Bf1 Kf6 35. g4 Ke5 36. Bg2 h5 37. gxh5 gxh5 38. Rb3 Ra3 39. Rb1 h4 40. h3 Ra2 41. Bf3 Ra3 42. Rg1 Nd2 43. Bg2 b5 44. d6 Rd3 45. Bc6 Kxd6 46. Bxb5 c4 47. Rg4 Rxh3 48. Bxc4 Rf3+ 49. Ke1 Nxc4 50. Rxc4 h3 51. Rh4 Ra3 52. Rh5 Rb3 53. Kf2 Ra3 54. Nf4 h2 55. Rxh2 Ke5 56. Ne2 Ke4 57. Rh4+ Ke5 58. Rb4 Kd5 59. Nc1 Rc3 60. Ne2 Ra3 61. Ng3 Ke5 62. Nf1 Rd3 63. Ke2 Rd4 64. Rb5+ Ke4 65. Rh5 Rd8 66. Rh4+ Ke5 67. Ke3 Ra8 68. Rh5+ Ke6 69. Nd2 Ra3+ 70. Kf4 Ra1 71. Re5+ Kd6 72. Ne4+ Kc6 73. Rc5+ Kd7 74. Ke5 Re1 75. Rc2 Re3 76. Rd2+ Ke7 77. Rh2 Kd7 78. Rh6 Re1 79. Rd6+ Ke7 80. Rd4 Re2 81. Rd1 Re3 82. Rh1 Kd7 83. Rh7+ Kc6 84. Rh6+ Kd7 85. Kd4 Re1 86. Nc5+ Ke7 87. Kd5 Rd1+ 88. Ke5 Re1+ 89. Ne4 Kd7 90. Rd6+ Ke7 91. Rd2 Re3 92. Kd5 Re1 93. Rh2 Rd1+ 94. Ke5 Kd7 95. Rh6 Re1 96. Ra6 Re2 97. Kd5 Kc7 98. Rc6+ Kd7 99. Re6 Kc7 100. Re7+ Kb6 101. Re8 Re1 102. Rb8+ Kc7 103. Rb5 Rd1+ 104. Kc4 Rc1+ 105. Nc3 Rc2 1/2-1/2

[Event "Gausdal Byggern Masters"]
[Site "Gausdal"]
[Date "2005.10.06"]
[Round "6"]
[White "Hauchard, Arnaud"]
[Black "Bentsen, Oyvind"]
[Result "1-0"]
[WhiteElo "2483"]
[BlackElo "2146"]
[PlyCount "99"]
[EventDate "2005.10.01"]
[EventType "swiss"]
[EventRounds "9"]
[EventCountry "NOR"]
[SourceTitle "CBM 108 Extra"]
[Source "ChessBase"]
[SourceDate "2005.11.04"]
[SourceVersion "1"]
[SourceVersionDate "2005.11.04"]
[SourceQuality "1"]

1. d4 Nf6 2. c4 g6 3. Nc3 Bg7 4. e4 d6 5. Bg5 0-0 6. Qd2 c5 7. d5 e6 8. Bd3 exd5 9. exd5 Nbd7 10. f4 Re8+ 11. Nge2 Nb6 12. 0-0 h6 13. Bh4 Qe7 14. Kh1 Bg4 15. Ng1 Qd7 16. Bxf6 Bxf6 17. f5 Bg5 18. Qc2 Bxf5 19. Bxf5 gxf5 20. b3 f4 21. Nh3 Qg4 22. Ne4 Qf5 23. Rae1 Re5 24. Re2 Rd8 25. Ng1 Qg6 26. Nf3 Rf5 27. Rfe1 Nc8 28. Nexg5 hxg5 29. Re8+ Rxe8 30. Rxe8+ Kg7 31. Rxc8 g4 32. Qb2+ Rf6 33. Ng1 f3 34. gxf3 gxf3 35. Qf2 Qe4 36. h3 Rg6 37. Nxf3 Qf5 38. Re8 Qxh3+ 39. Nh2 Qh5 40. Re1 b5 41. Qf3 Qh4 42. Rf1 Rf6 43. Qxf6+ Qxf6 44. Rxf6 Kxf6 45. cxb5 Ke5 46. a4 Kxd5 47. a5 c4 48. bxc4+ Kc5 49. Nf3 d5 50. b6 1-0